[Event "Las Palmas Insular-chT Pref"]
[Site "Las Palmas "]
[Date "2016.01.23"]
[Round "10.2"]
[White "Garcia Padron, Jose"]
[Black "Angel Acosta, Juan Carlos"]
[Result "1-0"]
[WhiteElo "2405"]
[BlackElo "2137"]
[PlyCount "67"]
[EventDate "2015.10.17"]
[EventType "team-tourn"]
[EventRounds "14"]
[EventCountry "ESP"]
[SourceTitle "CBM 170 Extra"]
[Source "ChessBase"]
[SourceDate "2016.02.25"]
[SourceVersion "1"]
[SourceVersionDate "2016.02.25"]
[SourceQuality "1"]
[WhiteTeam "Goya Villa de Teror"]
[BlackTeam "Univacit Guia"]
[WhiteTeamCountry "ESP"]
[BlackTeamCountry "ESP"]

1. e4 c5 2. Nf3 e6 3. d4 cxd4 4. Nxd4 Nf6 5. Nc3 d6 6. Be3 a6 7. g4 h5 8. gxh5 Qa5 9. Qd2 Qxh5 10. Be2 Qa5 11. f4 Nc6 12. 0-0-0 Bd7 13. Nb3 Qc7 14. Bf3 Rb8 15. Rhe1 Rh3 16. Qg2 Rh7 17. Kb1 e5 18. Nd5 Nxd5 19. exd5 Nd8 20. fxe5 dxe5 21. Bf4 Bd6 22. Bxe5 Bxe5 23. d6 Qb6 24. Qg5 Kf8 25. Qe7+ Kg8 26. Rxe5 Nc6 27. Bxc6 Qxc6 28. Nc5 Be8 29. d7 Bxd7 30. Nxd7 Rxh2 31. Rc1 Ra8 32. Rg5 Qe6 33. Qxe6 fxe6 34. Rcg1 1-0

[Event "Las Palmas Insular-chT Pref"]
[Site "Las Palmas "]
[Date "2015.11.28"]
[Round "4.2"]
[White "Camino Carrio, Nicanor"]
[Black "Angel Acosta, Juan Carlos"]
[Result "0-1"]
[WhiteElo "1984"]
[BlackElo "2137"]
[PlyCount "84"]
[EventDate "2015.10.17"]
[EventType "team-tourn"]
[EventRounds "14"]
[EventCountry "ESP"]
[SourceTitle "CBM 170 Extra"]
[Source "ChessBase"]
[SourceDate "2016.02.25"]
[SourceVersion "1"]
[SourceVersionDate "2016.02.25"]
[SourceQuality "1"]
[WhiteTeam "Piscolabis Oleaje San Andres"]
[BlackTeam "Univacit Guia"]
[WhiteTeamCountry "ESP"]
[BlackTeamCountry "ESP"]

1. e4 c5 2. Nf3 e6 3. d4 cxd4 4. Nxd4 Nf6 5. Nc3 d6 6. Be3 Nc6 7. Bc4 Qc7 8. Ndb5 Qb8 9. Bf4 Ne5 10. Bb3 a6 11. Nd4 b5 12. Qe2 Bd7 13. 0-0-0 Be7 14. Bg3 b4 15. f4 bxc3 16. fxe5 dxe5 17. Nf3 Bb5 18. Qe3 cxb2+ 19. Kb1 Qb7 20. Rhe1 0-0 21. Bxe5 Ng4 22. Qf4 Nxe5 23. Nxe5 a5 24. a4 Be8 25. Ng4 Qb4 26. Qe3 Qa3 27. Ba2 Qxa4 28. Rd4 Qb5 29. e5 Kh8 30. Rf4 Bg5 31. Qg3 Bxf4 32. Qxf4 Bc6 33. Rf1 Bxg2 34. Rg1 Bh3 35. Nh6 Bf5 36. Nxf5 exf5 37. Rxg7 Qb4 38. Qg3 Rg8 39. Rxh7+ Kxh7 40. Qh3+ Kg6 41. Qg2+ Qg4 42. Qc6+ Kh7 0-1

[Event "Las Palmas Insular-chT Pref"]
[Site "Las Palmas "]
[Date "2015.10.17"]
[Round "1.2"]
[White "Marrero Cardenes, Agustin"]
[Black "Angel Acosta, Juan Carlos"]
[Result "1-0"]
[WhiteElo "2027"]
[BlackElo "2137"]
[PlyCount "101"]
[EventDate "2015.10.17"]
[EventType "team-tourn"]
[EventRounds "14"]
[EventCountry "ESP"]
[SourceTitle "CBM 170 Extra"]
[Source "ChessBase"]
[SourceDate "2016.02.25"]
[SourceVersion "1"]
[SourceVersionDate "2016.02.25"]
[SourceQuality "1"]
[WhiteTeam "Real Club Victoria"]
[BlackTeam "Univacit Guia"]
[WhiteTeamCountry "ESP"]
[BlackTeamCountry "ESP"]

1. d4 Nf6 2. Nf3 e6 3. g3 b6 4. Bg2 Bb7 5. 0-0 Be7 6. c4 0-0 7. Nc3 Ne4 8. Qc2 f5 9. Ne5 d5 10. Be3 Bf6 11. Rad1 Nd7 12. f4 Nxc3 13. bxc3 Be7 14. cxd5 exd5 15. c4 c6 16. cxd5 cxd5 17. Nc6 Bxc6 18. Qxc6 Nf6 19. Qe6+ Kh8 20. Qxf5 Ba3 21. Qd3 Qe7 22. Bc1 Bd6 23. Bf3 a6 24. Qb3 Qb7 25. Ba3 Bxa3 26. Qxa3 b5 27. Rc1 Rfc8 28. Qd3 Qb6 29. e3 Rc4 30. Qf5 Rd8 31. g4 g6 32. Qg5 Qe6 33. Qe5 Qxe5 34. fxe5 Ne8 35. Be2 Ra4 36. e6 Rxa2 37. e7 Rb8 38. Rf8+ Kg7 39. Rcf1 Kh6 40. Bd1 Kg5 41. Bb3 Ra3 42. Rb1 a5 43. Kf2 Rc8 44. Bxd5 b4 45. Bf7 Rc2+ 46. Kf3 Kf6 47. Bb3+ Kxe7 48. Rxe8+ Kxe8 49. Bxc2 Ra2 50. Bb3 Rxh2 51. Ra1 1-0

[Event "Canarias-chT"]
[Site "Vecindario"]
[Date "2015.06.14"]
[Round "6.2"]
[White "Guerra Arrocha, Daniel"]
[Black "Angel Acosta, Juan Carlos"]
[Result "1-0"]
[WhiteElo "1955"]
[BlackElo "2248"]
[PlyCount "113"]
[EventDate "2015.06.11"]
[EventType "team-swiss"]
[EventRounds "6"]
[EventCountry "ESP"]
[SourceTitle "EXT 2024"]
[Source "ChessBase"]
[SourceDate "2023.10.10"]
[SourceVersion "1"]
[SourceVersionDate "2023.10.10"]
[SourceQuality "1"]
[WhiteTeam "Cajacanarias de La Palma"]
[BlackTeam "Guia Univac"]
[WhiteTeamCountry "ESP"]
[BlackTeamCountry "ESP"]

1. e4 d6 2. c4 Nf6 3. Nc3 e5 4. Nf3 c6 5. d4 exd4 6. Qxd4 Qb6 7. b3 Qxd4 8. Nxd4 Nbd7 9. f3 Nc5 10. Be3 Ne6 11. 0-0-0 Nxd4 12. Rxd4 Nd7 13. Be2 Be7 14. Kc2 0-0 15. Rhd1 Ne5 16. Bc1 f5 17. f4 Nf7 18. Bf3 Be6 19. exf5 Bxf5+ 20. Be4 Bg4 21. Re1 Bh4 22. g3 Bf6 23. Rd3 Rfe8 24. Rde3 Red8 25. h3 Bd7 26. Rd1 Re8 27. g4 g6 28. Ba3 Rad8 29. Rde1 Bd4 30. R3e2 Bg7 31. Bb2 Bh6 32. Rf1 Re7 33. f5 Rde8 34. fxg6 hxg6 35. Rff2 Ne5 36. Bh1 Rf7 37. Ne4 Rxf2 38. Rxf2 Bg7 39. Nxd6 Re7 40. Nxb7 Bxg4 41. hxg4 Rxb7 42. Bxe5 Bxe5 43. Bxc6 Rc7 44. Bd5+ Kg7 45. Kd3 Bf6 46. b4 Rd7 47. Re2 Kh6 48. Re4 Kg5 49. Kc2 Rh7 50. c5 Rh2+ 51. Kb3 Rh3+ 52. Ka4 Rg3 53. Be6 Bd8 54. Kb5 Be7 55. Kc6 Ra3 56. Kb7 a5 57. c6 1-0

[Event "Canarias-chT"]
[Site "Vecindario"]
[Date "2015.06.12"]
[Round "2.2"]
[White "Cruz Pino, Adrian"]
[Black "Angel Acosta, Juan Carlos"]
[Result "1-0"]
[WhiteElo "2025"]
[BlackElo "2248"]
[PlyCount "57"]
[EventDate "2015.06.11"]
[EventType "team-swiss"]
[EventRounds "6"]
[EventCountry "ESP"]
[SourceTitle "EXT 2024"]
[Source "ChessBase"]
[SourceDate "2023.10.10"]
[SourceVersion "1"]
[SourceVersionDate "2023.10.10"]
[SourceQuality "1"]
[WhiteTeam "Anand"]
[BlackTeam "Guia Univac"]
[WhiteTeamCountry "ESP"]
[BlackTeamCountry "ESP"]

1. d4 d5 2. Nf3 Nf6 3. e3 e6 4. a3 Nbd7 5. Be2 Bd6 6. Nbd2 0-0 7. 0-0 Qe7 8. c4 c6 9. c5 Bc7 10. b4 e5 11. g3 e4 12. Ne1 a6 13. Ng2 Re8 14. Bb2 Nf8 15. f3 exf3 16. Bxf3 Ne6 17. e4 dxe4 18. Nxe4 Nxe4 19. Bxe4 Ng5 20. Bd3 Nh3+ 21. Kh1 g6 22. Bc4 Be6 23. d5 Bxd5 24. Bxd5 cxd5 25. Qg4 Qe6 26. Qh4 Qe2 27. Rxf7 Nf2+ 28. Kg1 Nh3+ 29. Qxh3 1-0

[Event "Canarias-chT"]
[Site "Vecindario"]
[Date "2015.06.11"]
[Round "1.2"]
[White "Angel Acosta, Juan Carlos"]
[Black "Salazar de la Cruz, Jose Maria"]
[Result "1-0"]
[WhiteElo "2248"]
[BlackElo "1861"]
[PlyCount "81"]
[EventDate "2015.06.11"]
[EventType "team-swiss"]
[EventRounds "6"]
[EventCountry "ESP"]
[SourceTitle "EXT 2024"]
[Source "ChessBase"]
[SourceDate "2023.10.10"]
[SourceVersion "1"]
[SourceVersionDate "2023.10.10"]
[SourceQuality "1"]
[WhiteTeam "Guia Univac"]
[BlackTeam "Centro de Ajedrez de Lanzarote"]
[WhiteTeamCountry "ESP"]
[BlackTeamCountry "ESP"]

1. d4 Nf6 2. c4 g6 3. Nc3 d5 4. Nf3 Bg7 5. e3 c5 6. cxd5 Nxd5 7. Qb3 Nxc3 8. bxc3 0-0 9. Ba3 b6 10. dxc5 bxc5 11. Rc1 Qa5 12. Nd2 Nd7 13. Nc4 Qc7 14. Be2 Nf6 15. Bf3 Rb8 16. Qa4 Be6 17. 0-0 Bd5 18. Nd2 Rfd8 19. Rfd1 Bxa2 20. c4 Rd3 21. Bxc5 Qxc5 22. Qxa2 Rbd8 23. Qc2 a5 24. Bd5 Qa3 25. Ra1 Qc3 26. Qxc3 Rxc3 27. Rxa5 e6 28. Ra8 Rxa8 29. Bxa8 Nd7 30. Bc6 Nb6 31. Bb5 Rc2 32. g3 Bc3 33. Ne4 Bb4 34. Rb1 Be7 35. c5 Bxc5 36. Bd3 f5 37. Bxc2 fxe4 38. Bxe4 Na4 39. Rb7 Nc3 40. Bf3 e5 41. Kf1 1-0

[Event "Las Palmas Insular-chT Pref"]
[Site "Las Palmas"]
[Date "2015.03.28"]
[Round "12.2"]
[White "Vega Gutierrez, Belinda Vidina"]
[Black "Angel Acosta, Juan Carlos"]
[Result "0-1"]
[WhiteElo "2119"]
[BlackElo "2160"]
[PlyCount "108"]
[EventDate "2014.11.22"]
[EventType "team-tourn"]
[EventRounds "14"]
[EventCountry "ESP"]
[SourceTitle "EXT 2016"]
[Source "ChessBase"]
[SourceDate "2015.10.08"]
[SourceVersion "1"]
[SourceVersionDate "2015.10.08"]
[SourceQuality "1"]
[WhiteTeam "Anand Iberia"]
[BlackTeam "Guia Univac"]
[WhiteTeamCountry "ESP"]
[BlackTeamCountry "ESP"]

1. e4 c5 2. Bc4 e6 3. Qe2 a6 4. c3 Nc6 5. Nf3 Qc7 6. 0-0 b5 7. Bb3 c4 8. Bc2 Bd6 9. b3 Ne5 10. Nxe5 Bxe5 11. g3 Bb7 12. bxc4 bxc4 13. Na3 Rc8 14. Rb1 d5 15. exd5 Bxd5 16. Ba4+ Kf8 17. Nc2 Nf6 18. Ba3+ Kg8 19. Rfe1 Bd6 20. Bxd6 Qxd6 21. Ne3 h5 22. Rb4 h4 23. Nxc4 hxg3 24. fxg3 Qc5+ 25. Ne3 Qa7 26. Bb3 Ba8 27. Qd3 a5 28. Qd4 Qc7 29. Rc4 Qb7 30. Rxc8+ Qxc8 31. Bc2 Rh5 32. Rb1 Nd7 33. Qd6 Rc5 34. Ba4 Bc6 35. Bxc6 Rxc6 36. Qd4 Qc7 37. Qe4 Rd6 38. Rb2 Nc5 39. Qb1 f5 40. Nf1 Qc6 41. Rb8+ Kh7 42. Qd1 g6 43. Qe2 Ne4 44. Qe3 Rd7 45. Rb6 Qd5 46. Rb2 Qc4 47. a3 g5 48. Rb6 Rd3 49. Rb7+ Kg6 50. Qa7 Nxd2 51. Rh7 Nf3+ 52. Kh1 Rd7 53. Qf2 Rxh7 54. Qxf3 Rc7 0-1

[Event "Las Palmas Centro Goya op"]
[Site "Las Palmas"]
[Date "2014.12.03"]
[Round "3"]
[White "Garcia Padron, Jose"]
[Black "Angel Acosta, Juan Carlos"]
[Result "1/2-1/2"]
[WhiteElo "2410"]
[BlackElo "2160"]
[PlyCount "136"]
[EventDate "2014.12.01"]
[EventType "swiss"]
[EventRounds "9"]
[EventCountry "ESP"]
[SourceTitle "CBM 163 Extra"]
[Source "ChessBase"]
[SourceDate "2014.12.23"]
[SourceVersion "1"]
[SourceVersionDate "2014.12.23"]
[SourceQuality "1"]

1. e4 c5 2. f4 Nc6 3. Nf3 a6 4. Be2 d5 5. d3 e6 6. c3 dxe4 7. dxe4 Qxd1+ 8. Kxd1 Nf6 9. Nbd2 b6 10. Re1 Bb7 11. Bf1 Be7 12. a4 0-0-0 13. Kc2 h6 14. e5 Nd5 15. Ne4 Kc7 16. g3 Rhe8 17. Nfd2 f5 18. exf6 gxf6 19. Bh3 f5 20. Nf2 Bf6 21. Nc4 b5 22. axb5 axb5 23. Ne3 Nce7 24. Ned1 Nc6 25. g4 Bh4 26. Be3 c4 27. Bd2 fxg4 28. Bxg4 e5 29. Bh5 Rf8 30. Bf3 exf4 31. Re6 Ne3+ 32. Kc1 Rd6 33. Rxd6 Kxd6 34. Ne4+ Kc7 35. Nc5 Bc8 36. Ra8 Be7 37. Na6+ Kb7 38. Bxc6+ Kxc6 39. Nxe3 fxe3 40. Bxe3 Bg5 41. Nb4+ Kd6 42. Bxg5 hxg5 43. Kd2 Ke5 44. Nc6+ Ke4 45. Na7 Rf2+ 46. Ke1 Rxb2 47. Rxc8 Kd3 48. Rb8 Kxc3 49. Nxb5+ Kd3 50. Rd8+ Ke3 51. Re8+ Kd3 52. Re5 g4 53. Rd5+ Ke3 54. Re5+ Kd3 55. Rh5 c3 56. Rc5 Rxh2 57. Rxc3+ Ke4 58. Kf1 Rd2 59. Rc4+ Kf3 60. Nd4+ Ke3 61. Nf5+ Kf3 62. Nh4+ Kg3 63. Ng6 Rf2+ 64. Ke1 Rf5 65. Rc3+ Kh2 66. Re3 g3 67. Ne5 Rf4 68. Nf3+ Rxf3 1/2-1/2

[Event "Las Palmas Centro Goya op"]
[Site "Las Palmas"]
[Date "2014.12.02"]
[Round "2"]
[White "Angel Acosta, Juan Carlos"]
[Black "Fernandez de la Hoz A, Carlos"]
[Result "1-0"]
[WhiteElo "2160"]
[BlackElo "1754"]
[PlyCount "85"]
[EventDate "2014.12.01"]
[EventType "swiss"]
[EventRounds "9"]
[EventCountry "ESP"]
[SourceTitle "CBM 163 Extra"]
[Source "ChessBase"]
[SourceDate "2014.12.23"]
[SourceVersion "1"]
[SourceVersionDate "2014.12.23"]
[SourceQuality "1"]

1. d4 g6 2. g3 Bg7 3. Bg2 c5 4. c3 cxd4 5. cxd4 Nc6 6. d5 Ne5 7. Nh3 d6 8. 0-0 Nf6 9. Nc3 0-0 10. Bf4 Nh5 11. Bg5 h6 12. Bc1 Bg4 13. f3 Bd7 14. g4 Nf6 15. g5 hxg5 16. Nxg5 Nh5 17. Qe1 Qb6+ 18. Kh1 Rac8 19. e4 Nd3 20. Qd2 Nhf4 21. Ne2 Nxg2 22. Qxd3 Bb5 23. Qd2 Qa6 24. Rf2 Nh4 25. Nc3 Rc4 26. Qe1 Rfc8 27. Bd2 Bd4 28. Rf1 f6 29. Qxh4 fxg5 30. Qxg5 Be8 31. Qxe7 R4c7 32. Qe6+ Bf7 33. Qh3 Qb6 34. Rab1 Qa6 35. a3 b5 36. Qg2 Be8 37. Ne2 Bb6 38. Bc3 Rh7 39. Nf4 Rxc3 40. bxc3 Qxa3 41. Ne6 Qxc3 42. Rbc1 Qe5 43. Rc8 1-0

[Event "Las Palmas Insular-chT Pref 1314"]
[Site "Agaete"]
[Date "2014.03.29"]
[Round "13.4"]
[White "Angel Acosta, Juan Carlos"]
[Black "Gonzalez Sanchez, Miguel Angel"]
[Result "1-0"]
[WhiteElo "2148"]
[BlackElo "1550"]
[PlyCount "30"]
[EventDate "2013.11.09"]
[EventType "team-tourn"]
[EventRounds "14"]
[EventCountry "ESP"]
[SourceTitle "EXT 2015"]
[Source "ChessBase"]
[SourceDate "2014.11.20"]
[SourceVersion "1"]
[SourceVersionDate "2014.11.20"]
[SourceQuality "1"]
[WhiteTeam "La Caja de Canarias"]
[BlackTeam "Real Club Victoria"]
[WhiteTeamCountry "ESP"]
[BlackTeamCountry "ESP"]

1. d4 e6 2. Nf3 d5 3. g3 Nf6 4. Bg2 Be7 5. c4 c5 6. cxd5 exd5 7. 0-0 0-0 8. dxc5 Bxc5 9. Bg5 Nbd7 10. Nc3 Nb6 11. Rc1 Be7 12. Nd4 h6 13. Bf4 Re8 14. Ndb5 g5 15. Bc7 Qd7 1-0

[Event "Las Palmas Insular-chT Pref"]
[Site "Las Palmas"]
[Date "2012.12.15"]
[Round "4.4"]
[White "Cruz Ramirez, Nauzet"]
[Black "Angel Acosta, Juan Carlos"]
[Result "1/2-1/2"]
[WhiteElo "1770"]
[BlackElo "2184"]
[PlyCount "138"]
[EventDate "2012.11.10"]
[EventType "team-tourn"]
[EventRounds "14"]
[EventCountry "ESP"]
[SourceTitle "EXT 2014"]
[Source "ChessBase"]
[SourceDate "2013.11.20"]
[SourceVersion "1"]
[SourceVersionDate "2013.11.20"]
[SourceQuality "1"]
[WhiteTeam "Canarias de Vecindario"]
[BlackTeam "Canarias de Las Palmas"]
[WhiteTeamCountry "ESP"]
[BlackTeamCountry "ESP"]

1. d4 Nf6 2. c4 e6 3. Nc3 Bb4 4. Qc2 c5 5. dxc5 Bxc5 6. e3 b6 7. Be2 Bb7 8. Bf3 Nc6 9. Nge2 Nb4 10. Qd1 Bxf3 11. gxf3 Nc6 12. Ng3 Rc8 13. Nge4 Nxe4 14. Nxe4 Bb4+ 15. Bd2 0-0 16. Bxb4 Nxb4 17. a3 Nc6 18. Nd6 Rb8 19. f4 Qf6 20. Qc2 e5 21. fxe5 Qxe5 22. 0-0-0 a6 23. Rd5 Qe6 24. Rg1 Ne7 25. Qc3 g6 26. Rd4 Nf5 27. Nxf5 Qxf5 28. Rf4 Qh3 29. Rfg4 Rbc8 30. b3 Rc6 31. Qe5 b5 32. Kd2 bxc4 33. Rxc4 Re6 34. Qf4 Rb6 35. b4 Qe6 36. Rgc1 Rd6+ 37. Ke2 Rd5 38. R4c2 Rf5 39. Qd4 Rd5 40. Qf4 Kg7 41. Rd1 Rf5 42. Qd4+ Kg8 43. Rd3 a5 44. Rcd2 axb4 45. axb4 Rb8 46. Qxd7 Qf6 47. Ke1 Rxb4 48. Qd8+ Qxd8 49. Rxd8+ Kg7 50. Kf1 Rh4 51. Kg1 Rg5+ 52. Kh1 Rh3 53. R8d3 Rf3 54. e4 Rf4 55. Re2 Re5 56. Rde3 h5 57. Kg2 Kh6 58. f3 Rg5+ 59. Kf1 f6 60. Rg2 Re5 61. Rge2 g5 62. Kg2 g4 63. Kg3 Kg5 64. h4+ gxh3 65. Kxh3 Rh4+ 66. Kg3 Rf4 67. Kh3 h4 68. Rg2+ Kh5 69. Rg8 Rg5 1/2-1/2

[Event "Canarias-chT"]
[Site "Fuerteventura"]
[Date "2012.06.07"]
[Round "2.2"]
[White "Angel Acosta, Juan Carlos"]
[Black "Manchon Santana, Alberto"]
[Result "1-0"]
[WhiteElo "2223"]
[BlackElo "1500"]
[PlyCount "97"]
[EventDate "2012.06.07"]
[EventType "team-tourn"]
[EventRounds "7"]
[EventCountry "ESP"]
[SourceTitle "CBM 148 Extra"]
[Source "ChessBase"]
[SourceDate "2012.06.22"]
[SourceVersion "1"]
[SourceVersionDate "2012.06.22"]
[SourceQuality "1"]
[WhiteTeam "Real Club Victoria"]
[BlackTeam "La Caja de Las Palmas"]
[WhiteTeamCountry "ESP"]
[BlackTeamCountry "ESP"]

1. d4 Nf6 2. Nf3 c5 3. c4 cxd4 4. Nxd4 e5 5. Nb5 d5 6. cxd5 Bc5 7. e3 0-0 8. N5c3 e4 9. Nd2 Re8 10. Qc2 Qe7 11. Ndxe4 Bf5 12. Nxf6+ Qxf6 13. Bd3 Bxd3 14. Qxd3 Nd7 15. 0-0 Ne5 16. Qd1 Qh4 17. Qa4 Qh5 18. Ne4 Bb6 19. Ng3 Qg6 20. Qe4 Qh6 21. Bd2 Bc7 22. Rac1 Bd6 23. Bc3 g6 24. h3 f5 25. Qd4 Rac8 26. Bd2 Rxc1 27. Rxc1 Rf8 28. f4 Nd7 29. Bb4 Bxb4 30. Qxb4 Nb6 31. Rc7 Nxd5 32. Qc4 Rd8 33. Rc5 Qh4 34. Rxd5 Rxd5 35. Qxd5+ Kf8 36. Qd6+ Kg8 37. Qb8+ Kf7 38. Qxb7+ Ke6 39. Kh2 a5 40. Qb6+ Kd7 41. Qxa5 Qf6 42. Qa7+ Kc8 43. b4 h5 44. b5 h4 45. Qa6+ Qxa6 46. bxa6 hxg3+ 47. Kxg3 Kb8 48. Kh4 Ka7 49. Kg5 1-0

[Event "Las Palmas Insular-chT Pref"]
[Site "Las Palmas"]
[Date "2012.03.03"]
[Round "11.1"]
[White "Lopez Colon, Francisco"]
[Black "Angel Acosta, Juan Carlos"]
[Result "1/2-1/2"]
[WhiteElo "2110"]
[BlackElo "2208"]
[PlyCount "147"]
[EventDate "2011.11.12"]
[EventType "team-tourn"]
[EventRounds "14"]
[EventCountry "ESP"]
[SourceTitle "EXT 2013"]
[Source "ChessBase"]
[SourceDate "2012.11.22"]
[SourceVersion "1"]
[SourceVersionDate "2012.11.22"]
[SourceQuality "1"]
[WhiteTeam "Villa de Teror"]
[BlackTeam "Real Club Victoria"]
[WhiteTeamCountry "ESP"]
[BlackTeamCountry "ESP"]

1. d4 Nf6 2. c4 e6 3. Nc3 d5 4. Bg5 c6 5. e3 Nbd7 6. cxd5 exd5 7. Nf3 Bb4 8. Bd3 0-0 9. 0-0 Re8 10. Qc2 h6 11. Bh4 Qe7 12. Rae1 g5 13. Bg3 Ne4 14. Bxe4 dxe4 15. Nd2 Nf6 16. Be5 Ng4 17. Bg3 f5 18. h3 Nf6 19. a3 Ba5 20. b4 Bc7 21. Bxc7 Qxc7 22. Nc4 Be6 23. Na5 Qf7 24. Rc1 Rac8 25. Ne2 Bd5 26. Nc4 Rcd8 27. Ne5 Qg7 28. Ng3 f4 29. Ne2 f3 30. Ng3 fxg2 31. Kxg2 h5 32. Rg1 h4 33. Ne2 Kh8 34. Kh2 Rg8 35. Rg2 Rdf8 36. Rcg1 Qh6 37. Nc3 Be6 38. Qe2 Kh7 39. b5 Rg7 40. bxc6 bxc6 41. Na4 Bf7 42. Nxf7 Rfxf7 43. Nc5 Re7 44. Qc4 Nh5 45. Qc2 Nf6 46. Nxe4 Nxe4 47. f3 Qd6+ 48. Kh1 Qxa3 49. fxe4 Qxe3 50. e5+ Rg6 51. Qf5 Kh6 52. Kh2 Reg7 53. Rg4 a5 54. Re4 Qa3 55. e6 Qd6+ 56. Qe5 Rxe6 57. Qxd6 Rxd6 58. Ra1 Rgd7 59. Ra4 Kh5 60. Kg2 Rd5 61. Rc4 R7d6 62. Kf3 Rf6+ 63. Ke3 Rb5 64. Rc3 a4 65. Re7 Rbf5 66. Ke4 Rd5 67. Ke3 Rdf5 68. Ke4 Rf4+ 69. Kd3 Rf3+ 70. Re3 g4 71. Rc5+ R3f5 72. hxg4+ Kxg4 73. Rc4 a3 74. d5+ 1/2-1/2